Návrh a analýza konceptov dvojstupňového preplňovania zážihového motora
Na minha lista:
| Autor principal: | |
|---|---|
| Outros Autores: | |
| Formato: | Manuscrito Livro |
| Idioma: | alemão |
| Publicado em: |
Bratislava :
STU v Bratislave SjF,
2011
|
| Assuntos: | |
| Acesso em linha: | VAIS |
| Tags: |
Sem tags, seja o primeiro a adicionar uma tag!
|
MARC
| LEADER | 00000ntm a22000003a 4500 | ||
|---|---|---|---|
| 001 | stu232958 | ||
| 005 | 20150617230132.1 | ||
| 008 | 110803s2011----xo------------------ger-d | ||
| 040 | |a STU |b slo | ||
| 041 | 0 | |a ger | |
| 044 | |a xo | ||
| 100 | 1 | |a Líška, Branislav, |d 1986- |4 aut |u J0030 |U SjF Strojnícka fakulta |T SjF Ústav dopravnej techniky a konštruovania |X 30394 |U J0030 |Y 806 |7 A000030394 | |
| 242 | 0 | 0 | |a Layout and comparison of two-stage charging for a spark-ignition engine |y eng |
| 242 | 0 | 0 | |a Auslegung und Bewertung von zweistufigen Aufladekonzepten beim Ottomotor |y ger |
| 245 | 1 | |a Návrh a analýza konceptov dvojstupňového preplňovania zážihového motora | |
| 260 | |a Bratislava : |b STU v Bratislave SjF, |c 2011 | ||
| 650 | 7 | |a automobily, lode a spaľovacie motory |2 stusub | |
| 650 | 7 | |a Automobiles, Ships and Combustion Engines |2 estusub | |
| 650 | 7 | |a turbocharger |2 estusub | |
| 650 | 7 | |a dvojstupňové preplňovanie |2 stusub | |
| 700 | 1 | |a Lešinský, Ján, |d 1945- |4 ths |u J0030 |U SjF Strojnícka fakulta |T SjF Ústav dopravnej techniky a konštruovania |X 2459 |U J0030 |Y 806 |7 A000002459 | |
| 856 | 4 | |a info a plný text |u http://is.stuba.sk/zp/portal_zp.pl?podrobnosti=62521 |3 VAIS | |
| 996 | |b 284J041889 |c J*1123/DP |l JJSK |s A |a 24 |w stu232958_0001 | ||